00339nam a22000977a 4500100006600000245006500066260002700131300000900158700004200167856003200209 aYasir Ahmed Khana15-MSSE-14aSupervisor - Dr. Umair Ali Khan aMovies Tags Extraction and Segmentation Using Deep Learning  aNawabshahbQUESTc2019 a40p. aDepartment of Information Technology  uhttp://tinyurl.com/yu8uknsk